[Event "MVP-ch Seniors op 19th"]
[Site "Ostseebad Binz"]
[Date "2019.12.03"]
[Round "7"]
[White "Graffenberger, Marianne"]
[Black "Koehler, Marianne"]
[Result "0-1"]
[WhiteElo "1414"]
[BlackElo "1623"]
[PlyCount "118"]
[EventDate "2019.11.27"]
[EventType "swiss"]
[EventRounds "9"]
[EventCountry "GER"]
[SourceTitle "EXT 2021"]
[Source "ChessBase"]
[SourceDate "2020.10.23"]
[SourceVersion "1"]
[SourceVersionDate "2020.10.23"]
[SourceQuality "1"]

1. e4 e6 2. c4 c6 3. Nc3 Ne7 4. Nf3 Ng6 5. d3 Be7 6. Be3 d6 7. Be2 e5 8. 0-0 0-0 9. Qd2 f5 10. exf5 Bxf5 11. Bg5 h6 12. Bxe7 Qxe7 13. Nd1 Nd7 14. b4 Nf4 15. Ne3 Nxe2+ 16. Qxe2 Bg6 17. Ne1 Nf6 18. Ng4 Qd7 19. Nxf6+ Rxf6 20. a3 Raf8 21. Qe3 b6 22. Ra2 Qe6 23. Rd2 Bh5 24. Rc2 c5 25. Rb2 Rg6 26. Rd2 Qf7 27. Qh3 Bg4 28. Qe3 Rf6 29. Qg3 Rg6 30. Qe3 Qe6 31. f3 Bf5 32. Rdf2 Qc8 33. f4 Bg4 34. Qe4 Rgf6 35. fxe5 Rxf2 36. Rxf2 Rxf2 37. Kxf2 dxe5 38. Qxe5 Qf8+ 39. Nf3 Bxf3 40. gxf3 cxb4 41. Qd5+ Kh8 42. axb4 Qe7 43. Qa8+ Kh7 44. Qe4+ Qxe4 45. dxe4 Kg8 46. f4 Kf7 47. e5 Ke6 48. Ke3 g5 49. Ke4 gxf4 50. Kxf4 a6 51. h3 h5 52. h4 a5 53. bxa5 bxa5 54. c5 a4 55. c6 a3 56. c7 Kd7 57. e6+ Kxc7 58. Ke5 Kd8 59. Kf6 Ke8 0-1

[Event "MVP-ch Seniors op 19th"]
[Site "Ostseebad Binz"]
[Date "2019.12.01"]
[Round "5"]
[White "Graffenberger, Marianne"]
[Black "Wagner, Richard1111"]
[Result "0-1"]
[WhiteElo "1414"]
[BlackElo "1741"]
[PlyCount "68"]
[EventDate "2019.11.27"]
[EventType "swiss"]
[EventRounds "9"]
[EventCountry "GER"]
[SourceTitle "EXT 2021"]
[Source "ChessBase"]
[SourceDate "2020.10.23"]
[SourceVersion "1"]
[SourceVersionDate "2020.10.23"]
[SourceQuality "1"]

1. e4 c5 2. c4 Nc6 3. Nc3 g6 4. Nf3 Bg7 5. Be2 e6 6. 0-0 Nge7 7. d3 0-0 8. Rb1 d6 9. Bd2 a6 10. Qc2 f5 11. Bg5 h6 12. Bxe7 Qxe7 13. Nd1 b5 14. b3 Bb7 15. Re1 Nb4 16. Qd2 fxe4 17. dxe4 Bxe4 18. Rc1 Rab8 19. a3 Nc6 20. Nc3 Bxf3 21. Bxf3 Nd4 22. Nd5 Nxf3+ 23. gxf3 Qf7 24. Ne3 Qf4 25. Qe2 Qxf3 26. Qxf3 Rxf3 27. Nd1 Be5 28. Kg2 Rxb3 29. Ne3 Rf8 30. Ng4 Bf4 31. Rcd1 h5 32. Ne3 Be5 33. cxb5 axb5 34. h3 Rb2 0-1

[Event "Hamburg-ch Seniors 65+"]
[Site "Hamburg"]
[Date "2018.11.07"]
[Round "8"]
[White "Schmeichel, Wolfgang"]
[Black "Graffenberger, Marianne"]
[Result "1-0"]
[WhiteElo "1655"]
[BlackElo "1428"]
[PlyCount "63"]
[EventDate "2018.10.31"]
[EventType "swiss"]
[EventRounds "9"]
[EventCountry "GER"]
[SourceTitle "CBM 189 Extra"]
[Source "ChessBase"]
[SourceDate "2019.06.03"]
[SourceVersion "1"]
[SourceVersionDate "2019.06.03"]
[SourceQuality "1"]

1. e4 e5 2. Nf3 Nc6 3. Bc4 Be7 4. d4 exd4 5. Nxd4 Ne5 6. Bb3 Nf6 7. 0-0 0-0 8. Nc3 c6 9. f4 Ng6 10. e5 Nd5 11. Nxd5 cxd5 12. Nf5 Qb6+ 13. Kh1 Qe6 14. Ne3 Qa6 15. Nxd5 Bd8 16. Be3 Ne7 17. f5 Nxd5 18. Qxd5 Qc6 19. Qd3 Qc7 20. Bf4 Qb6 21. f6 g6 22. Qh3 Re8 23. Bxf7+ Kxf7 24. Qxh7+ Ke6 25. Qxg6 Kd5 26. Rad1+ Kc4 27. Qxe8 Bxf6 28. Qf7+ Qe6 29. Qxf6 Qxf6 30. exf6 d5 31. f7 Be6 32. Bd6 1-0

[Event "GER-ch Seniors 65"]
[Site "Hamburg"]
[Date "2018.07.28"]
[Round "8"]
[White "Graffenberger, Marianne"]
[Black "Helm, Helga"]
[Result "0-1"]
[WhiteElo "1399"]
[BlackElo "1615"]
[PlyCount "132"]
[EventDate "2018.07.21"]
[EventType "swiss"]
[EventRounds "9"]
[EventCountry "GER"]
[SourceTitle "CBM 186 Extra"]
[Source "ChessBase"]
[SourceDate "2018.08.24"]
[SourceVersion "1"]
[SourceVersionDate "2018.08.24"]
[SourceQuality "1"]

1. e4 e5 2. Nf3 Nc6 3. c4 Nf6 4. Nc3 Be7 5. Be2 0-0 6. 0-0 d6 7. d3 Bd7 8. Re1 Re8 9. a3 Nd4 10. Nd5 Nxe2+ 11. Qxe2 Nxd5 12. cxd5 f5 13. d4 fxe4 14. Qxe4 exd4 15. Qxd4 Bf6 16. Rxe8+ Bxe8 17. Qb4 b6 18. Be3 Bf7 19. Qd2 h6 20. Rc1 Qd7 21. b4 Rc8 22. Bd4 Bxd4 23. Qxd4 Qf5 24. Rd1 Re8 25. Qd3 Qf6 26. Re1 Rxe1+ 27. Nxe1 Qa1 28. Qe3 Bxd5 29. f3 Qe5 30. Qxe5 dxe5 31. Kf2 e4 32. f4 Kf7 33. Ke3 c5 34. bxc5 bxc5 35. g3 Ke6 36. g4 g6 37. h4 Kf6 38. Ng2 c4 39. Ne1 g5 40. hxg5+ hxg5 41. f5 Ke5 42. Nc2 a5 43. Nd4 c3 44. Nc2 Bb3 45. Nd4 Ba4 46. Ne2 c2 47. Nc1 Bb5 48. Nb3 a4 49. Nc1 Bf1 50. Na2 Bh3 51. Kd2 Bxg4 52. Kxc2 Bxf5 53. Kd2 g4 54. Ke3 g3 55. Nc3 g2 56. Ne2 Bg4 57. Ng1 Bf3 58. Kf2 Kd4 59. Nh3 Kc3 60. Ke3 Kb3 61. Kd2 Kxa3 62. Kc3 e3 63. Ng1 Bg4 64. Kd3 e2 65. Kd2 Kb2 66. Ke1 a3 0-1

[Event "GER-ch Seniors 65"]
[Site "Hamburg"]
[Date "2018.07.27"]
[Round "7"]
[White "Stoll, Robert"]
[Black "Graffenberger, Marianne"]
[Result "1-0"]
[WhiteElo "1699"]
[BlackElo "1399"]
[PlyCount "41"]
[EventDate "2018.07.21"]
[EventType "swiss"]
[EventRounds "9"]
[EventCountry "GER"]
[SourceTitle "CBM 186 Extra"]
[Source "ChessBase"]
[SourceDate "2018.08.24"]
[SourceVersion "1"]
[SourceVersionDate "2018.08.24"]
[SourceQuality "1"]

1. e4 c5 2. Nf3 Nc6 3. d4 cxd4 4. Nxd4 e5 5. Nf3 Nf6 6. Nc3 d6 7. Be2 Be7 8. Be3 0-0 9. h3 Nd7 10. Qd2 f5 11. exf5 Rxf5 12. 0-0-0 Rf8 13. Nd5 Nf6 14. Nxe7+ Qxe7 15. Qxd6 Ne4 16. Bc4+ Kh8 17. Qxe7 Nxe7 18. Nxe5 b6 19. Nf7+ Rxf7 20. Bxf7 Bb7 21. Rd7 1-0

[Event "GER-ch Seniors 65"]
[Site "Hamburg"]
[Date "2018.07.25"]
[Round "5"]
[White "Bockelmann, Fred"]
[Black "Graffenberger, Marianne"]
[Result "1-0"]
[WhiteElo "1683"]
[BlackElo "1399"]
[PlyCount "97"]
[EventDate "2018.07.21"]
[EventType "swiss"]
[EventRounds "9"]
[EventCountry "GER"]
[SourceTitle "CBM 186 Extra"]
[Source "ChessBase"]
[SourceDate "2018.08.24"]
[SourceVersion "1"]
[SourceVersionDate "2018.08.24"]
[SourceQuality "1"]

1. d4 d5 2. Nf3 Nc6 3. c3 Nf6 4. e3 Bf5 5. Bb5 a6 6. Ba4 Bd7 7. Nbd2 b5 8. Bc2 e6 9. 0-0 Be7 10. Re1 0-0 11. e4 dxe4 12. Nxe4 Rb8 13. Qd3 g6 14. Bg5 Nxe4 15. Bxe7 Nxe7 16. Rxe4 Nd5 17. Rae1 Nf6 18. Rh4 Re8 19. Qe3 Bc6 20. Ne5 Bb7 21. Qh6 Qe7 22. Ng4 Nh5 23. Rxh5 f5 24. Qxh7+ Qxh7 25. Nf6+ Kg7 26. Nxe8+ Kh8 27. Rxh7+ Kxh7 28. Nf6+ Kg7 29. Nd7 Re8 30. a4 Bc6 31. Nc5 Kf6 32. Nxa6 Re7 33. Nb4 Bd7 34. axb5 Bxb5 35. f4 g5 36. fxg5+ Kxg5 37. g3 Bd7 38. Nd5 Rg7 39. Nxc7 Bc8 40. Nxe6+ Bxe6 41. Rxe6 f4 42. Re5+ Kh6 43. Re6+ Kh5 44. Bd1+ Kg5 45. g4 Rf7 46. Kf2 Rh7 47. Re5+ Kf6 48. Rh5 Rg7 49. Rf5+ 1-0

[Event "GER-ch Seniors 65"]
[Site "Hamburg"]
[Date "2018.07.24"]
[Round "4"]
[White "Graffenberger, Marianne"]
[Black "Fister, Horst Lothar"]
[Result "1-0"]
[WhiteElo "1399"]
[BlackElo "1623"]
[PlyCount "104"]
[EventDate "2018.07.21"]
[EventType "swiss"]
[EventRounds "9"]
[EventCountry "GER"]
[SourceTitle "CBM 186 Extra"]
[Source "ChessBase"]
[SourceDate "2018.08.24"]
[SourceVersion "1"]
[SourceVersionDate "2018.08.24"]
[SourceQuality "1"]

1. e4 d6 2. Nf3 Nf6 3. d3 c6 4. c4 Bg4 5. Be2 Nbd7 6. Nc3 e5 7. d4 Bxf3 8. Bxf3 Be7 9. 0-0 0-0 10. Re1 Qb6 11. d5 Rfe8 12. b3 a5 13. Na4 Qc7 14. Be3 c5 15. Nc3 Nf8 16. Nb5 Qb8 17. a4 Ng6 18. Bg5 h6 19. Bxf6 Bxf6 20. Bh5 Nf4 21. g3 Nh3+ 22. Kg2 Ng5 23. h4 Nh7 24. Rf1 Qd8 25. Rb1 Rc8 26. Qd3 Be7 27. f4 Nf6 28. Be2 exf4 29. Rxf4 Bf8 30. Bg4 Rb8 31. Re1 Re5 32. Bf3 g5 33. hxg5 hxg5 34. Rf5 Rxf5 35. exf5 Qd7 36. g4 Re8 37. Rxe8 Qxe8 38. Qd2 Bh6 39. Qxa5 Qe7 40. Qc3 Bg7 41. Qd2 Bh6 42. Qe2 Qd7 43. Kg3 b6 44. Qe1 Qd8 45. b4 Nd7 46. Nxd6 Qf6 47. Qe8+ Nf8 48. bxc5 bxc5 49. Ne4 Qd4 50. d6 Qg1+ 51. Bg2 Qe1+ 52. Kh2 Bg7 1-0

[Event "MVP-ch Seniors op 17th"]
[Site "Binz"]
[Date "2017.12.03"]
[Round "5.86"]
[White "Schreiner, Juergen"]
[Black "Graffenberger, Marianne"]
[Result "1-0"]
[WhiteElo "1573"]
[BlackElo "1383"]
[PlyCount "53"]
[EventDate "2017.11.29"]
[EventType "swiss"]
[EventRounds "9"]
[EventCountry "GER"]
[SourceTitle "EXT 2019"]
[Source "ChessBase"]
[SourceDate "2018.10.10"]
[SourceVersion "1"]
[SourceVersionDate "2018.10.10"]
[SourceQuality "1"]

1. e4 e5 2. Nf3 Nc6 3. d4 exd4 4. Bc4 Bb4+ 5. c3 dxc3 6. 0-0 cxb2 7. Bxb2 f6 8. e5 Be7 9. Re1 Na5 10. Bxg8 Rxg8 11. exf6 gxf6 12. Bxf6 Nc6 13. Nd4 Kf7 14. Nxc6 bxc6 15. Bxe7 Re8 16. Qh5+ Kg7 17. Bf6+ Kxf6 18. Rxe8 Ba6 19. Qf3+ Kg7 20. Re7+ Kg6 21. Qe4+ Kf6 22. Qxh7 Bc4 23. Nc3 Bf7 24. Qh4+ Kg7 25. Rae1 Rb8 26. Qg5+ Kh7 27. Rxf7+ 1-0

[Event "Schleswig Holstein-ch Seniors op 11th"]
[Site "Buesum"]
[Date "2017.09.11"]
[Round "4"]
[White "Graffenberger, Marianne"]
[Black "Ketelsen, Herbert"]
[Result "1/2-1/2"]
[WhiteElo "1382"]
[BlackElo "1565"]
[PlyCount "51"]
[EventDate "2017.09.08"]
[EventType "swiss"]
[EventRounds "9"]
[EventCountry "GER"]
[SourceTitle "EXT 2019"]
[Source "ChessBase"]
[SourceDate "2018.10.10"]
[SourceVersion "1"]
[SourceVersionDate "2018.10.10"]
[SourceQuality "1"]

1. e4 c5 2. Nf3 g6 3. c3 Bg7 4. d4 b6 5. Bc4 e6 6. 0-0 Ne7 7. Re1 Bb7 8. d5 0-0 9. Bf4 a6 10. d6 Nc8 11. e5 b5 12. Bd3 Nb6 13. Be4 Bxe4 14. Rxe4 Nd5 15. Bg3 Nc6 16. c4 Nb6 17. cxb5 axb5 18. Qb3 Nd5 19. Qc2 Qb6 20. Nc3 Ndb4 21. Qd1 f6 22. a4 Na7 23. Nxb5 Nxb5 24. axb5 Qxb5 25. Re1 Rab8 26. Re3 1/2-1/2

[Event "MVP-ch Seniors op 16th"]
[Site "Binz"]
[Date "2016.11.26"]
[Round "4.80"]
[White "Maczollek, Helmut"]
[Black "Graffenberger, Marianne"]
[Result "0-1"]
[WhiteElo "1599"]
[BlackElo "1471"]
[PlyCount "90"]
[EventDate "2016.11.23"]
[EventType "swiss"]
[EventRounds "9"]
[EventCountry "GER"]
[SourceTitle "EXT 2018"]
[Source "ChessBase"]
[SourceDate "2017.10.13"]
[SourceVersion "1"]
[SourceVersionDate "2017.10.13"]
[SourceQuality "1"]

1. d4 d5 2. Nf3 Nf6 3. e3 Bg4 4. Nbd2 e6 5. Be2 Bd6 6. c4 c6 7. Qb3 Qc7 8. Qd1 Nbd7 9. b3 0-0 10. Bb2 Ne4 11. c5 Be7 12. Ne5 Bxe2 13. Qxe2 Nxd2 14. Qxd2 Nf6 15. f3 Nd7 16. 0-0 f6 17. Nxd7 Qxd7 18. Qe2 b5 19. e4 e5 20. dxe5 Bxc5+ 21. Kh1 fxe5 22. exd5 Qxd5 23. Rad1 Qf7 24. Qxe5 Bb6 25. Rd6 Bc7 26. Qxg7+ Qxg7 27. Bxg7 Kxg7 28. Rd7+ Rf7 29. Rxf7+ Kxf7 30. Rd1 Ke6 31. h3 Bg3 32. Kg1 c5 33. Kf1 Rc8 34. Rd3 c4 35. Rc3 Kf5 36. b4 Re8 37. Rc1 a6 38. a4 bxa4 39. h4 h5 40. Rd1 Ke5 41. f4+ Bxf4 42. Kf2 Ke4 43. Rb1 c3 44. b5 axb5 45. Rxb5 Be3+ 0-1

[Event "MVP-ch Seniors op 16th"]
[Site "Binz"]
[Date "2016.11.24"]
[Round "2.82"]
[White "Rosmann, Armin"]
[Black "Graffenberger, Marianne"]
[Result "1/2-1/2"]
[WhiteElo "1769"]
[BlackElo "1471"]
[PlyCount "72"]
[EventDate "2016.11.23"]
[EventType "swiss"]
[EventRounds "9"]
[EventCountry "GER"]
[SourceTitle "EXT 2018"]
[Source "ChessBase"]
[SourceDate "2017.10.13"]
[SourceVersion "1"]
[SourceVersionDate "2017.10.13"]
[SourceQuality "1"]

1. e4 e5 2. Nf3 d6 3. c4 Be7 4. Be2 Nf6 5. Nc3 c6 6. d3 0-0 7. 0-0 Be6 8. a3 Nbd7 9. Ng5 Nc5 10. b4 Ncd7 11. f4 exf4 12. Bxf4 Qb6+ 13. Kh1 Ne5 14. Nxe6 fxe6 15. d4 Ng6 16. Bg3 Rad8 17. h3 a6 18. Bf2 Qc7 19. d5 e5 20. Na4 Qb8 21. Bf3 b5 22. cxb5 axb5 23. Nc3 c5 24. Qe2 c4 25. Qe3 Nf4 26. Kh2 Nd3 27. Ra2 Nxf2 28. Raxf2 Qb7 29. Bd1 Ra8 30. Ra2 Nd7 31. Rxf8+ Rxf8 32. Bg4 Nf6 33. Be6+ Kh8 34. a4 bxa4 35. Rxa4 Ra8 36. Rxa8+ Qxa8 1/2-1/2

[Event "Hamburg-ch Seniors 23rd"]
[Site "Hamburg"]
[Date "2016.11.03"]
[Round "2"]
[White "Graffenberger, Marianne"]
[Black "Ptitsyn, Vadim"]
[Result "0-1"]
[WhiteElo "1464"]
[BlackElo "1666"]
[PlyCount "128"]
[EventDate "2016.11.02"]
[EventType "swiss"]
[EventRounds "9"]
[EventCountry "GER"]
[SourceTitle "EXT 2019"]
[Source "ChessBase"]
[SourceDate "2018.10.10"]
[SourceVersion "1"]
[SourceVersionDate "2018.10.10"]
[SourceQuality "1"]

1. e4 g6 2. d4 d6 3. Nf3 Bg7 4. c3 Nf6 5. e5 dxe5 6. Nxe5 0-0 7. Be2 c6 8. 0-0 Nbd7 9. Ng4 Nb6 10. Bh6 Qd6 11. Bxg7 Nxg4 12. Bxg4 Kxg7 13. Bf3 Be6 14. Re1 Rfe8 15. Nd2 Bd5 16. Ne4 Bxe4 17. Bxe4 e6 18. b3 Rad8 19. Qf3 Nd5 20. Rac1 Nf6 21. Bc2 Nh5 22. a4 Qf4 23. Qe3 Qd6 24. Qe5+ Kg8 25. Qxd6 Rxd6 26. Bd1 Nf4 27. Be2 Red8 28. g3 Nd5 29. Bf3 Nf6 30. Rcd1 Nd5 31. Bxd5 Rxd5 32. b4 e5 33. c4 Rxd4 34. Rxd4 Rxd4 35. Rxe5 Rxc4 36. Re8+ Kg7 37. b5 cxb5 38. axb5 Rc1+ 39. Kg2 Rc7 40. Ra8 b6 41. Rb8 f6 42. h3 Kf7 43. h4 Ke6 44. Re8+ Kd5 45. Rd8+ Kc5 46. Kf1 Re7 47. Kg2 f5 48. Kf3 Kxb5 49. Rd5+ Kc4 50. Rd2 a5 51. Rb2 b5 52. Rc2+ Kb3 53. Rd2 a4 54. Rd3+ Kc4 55. Rd1 a3 56. Rc1+ Kb3 57. Rb1+ Ka4 58. Rd1 b4 59. Rd6 a2 60. Ra6+ Kb3 61. Rd6 a1Q 62. Rd3+ Kc2 63. Rd5 Qd1+ 64. Rxd1 Kxd1 0-1

[Event "Schleswig Holstein-ch Seniors op 10th"]
[Site "Buesum"]
[Date "2016.10.01"]
[Round "6"]
[White "Van Houten, Henk"]
[Black "Graffenberger, Marianne"]
[Result "1-0"]
[WhiteElo "1651"]
[BlackElo "1464"]
[PlyCount "81"]
[EventDate "2016.09.26"]
[EventType "swiss"]
[EventRounds "9"]
[EventCountry "GER"]
[SourceTitle "EXT 2019"]
[Source "ChessBase"]
[SourceDate "2018.10.10"]
[SourceVersion "1"]
[SourceVersionDate "2018.10.10"]
[SourceQuality "1"]

1. b3 Nf6 2. Bb2 d6 3. d4 Nbd7 4. g3 e6 5. Bg2 Be7 6. Nf3 d5 7. 0-0 c6 8. Nbd2 0-0 9. a3 Ne4 10. Nxe4 dxe4 11. Nd2 Nf6 12. Nxe4 Nxe4 13. Bxe4 f5 14. Bg2 Bf6 15. e3 c5 16. c3 Qe7 17. Qc2 Rb8 18. b4 b6 19. Rfd1 Bb7 20. d5 Be5 21. f4 Bd6 22. e4 exd5 23. e5 Bc7 24. Bxd5+ Bxd5 25. Rxd5 Rbd8 26. Rad1 Qe6 27. c4 cxb4 28. axb4 a6 29. Rxd8 Rxd8 30. Rxd8+ Bxd8 31. Qd3 Be7 32. Bc3 Kf7 33. Qd5 Qxd5 34. cxd5 b5 35. Kf2 g6 36. Ke3 Ke8 37. Kd4 Kd7 38. d6 Bd8 39. Kd5 Ke8 40. h4 h5 41. Kc6 1-0

[Event "Schleswig Holstein-ch Seniors op 10th"]
[Site "Buesum"]
[Date "2016.09.29"]
[Round "4"]
[White "Boss, Kurt"]
[Black "Graffenberger, Marianne"]
[Result "1/2-1/2"]
[WhiteElo "906"]
[BlackElo "1464"]
[PlyCount "83"]
[EventDate "2016.09.26"]
[EventType "swiss"]
[EventRounds "9"]
[EventCountry "GER"]
[SourceTitle "EXT 2019"]
[Source "ChessBase"]
[SourceDate "2018.10.10"]
[SourceVersion "1"]
[SourceVersionDate "2018.10.10"]
[SourceQuality "1"]

1. e4 e5 2. d4 exd4 3. c3 d6 4. cxd4 Nf6 5. Nc3 Bd7 6. Nf3 Bg4 7. h3 Bd7 8. Bc4 Nc6 9. Ng5 Qe7 10. Nxf7 Rg8 11. Ng5 0-0-0 12. Bxg8 Nxg8 13. Nxh7 Qf7 14. Qf3 Qxf3 15. gxf3 Nxd4 16. 0-0 Bxh3 17. Ng5 Bxf1 18. Kxf1 Be7 19. Rb1 Bxg5 20. Bxg5 Rf8 21. f4 Nf3 22. Ke2 Nxg5 23. fxg5 g6 24. Rh1 Ne7 25. Nd5 Nxd5 26. exd5 b6 27. Rh6 Rf5 28. Rxg6 Rxd5 29. Rg8+ Kb7 30. g6 Rc5 31. Kd2 Rf5 32. Ke1 d5 33. Rg7 d4 34. Rf7 Rg5 35. g7 Kc6 36. Kf1 d3 37. f4 Rg4 38. Rf6+ Kb7 39. Rf7 Kc6 40. Rf6+ Kb7 41. Rf7 Kc6 42. Rf6+ 1/2-1/2

[Event "Schleswig Holstein-ch Seniors op 10th"]
[Site "Buesum"]
[Date "2016.09.28"]
[Round "3"]
[White "Graffenberger, Marianne"]
[Black "Moeller, Peter1111"]
[Result "0-1"]
[WhiteElo "1464"]
[BlackElo "1702"]
[PlyCount "98"]
[EventDate "2016.09.26"]
[EventType "swiss"]
[EventRounds "9"]
[EventCountry "GER"]
[SourceTitle "EXT 2019"]
[Source "ChessBase"]
[SourceDate "2018.10.10"]
[SourceVersion "1"]
[SourceVersionDate "2018.10.10"]
[SourceQuality "1"]

1. e4 d5 2. exd5 Qxd5 3. Nc3 Qa5 4. Nf3 Bg4 5. Be2 Nf6 6. b4 Qb6 7. Rb1 c6 8. Na4 Qc7 9. d3 e6 10. Bg5 Nbd7 11. a3 Bd6 12. Bh4 0-0 13. Bg3 Rad8 14. 0-0 Rfe8 15. Bxd6 Qxd6 16. c4 Nf8 17. c5 Qf4 18. g3 Qh6 19. Ne5 Bh3 20. Re1 Rd4 21. Nf3 Rd7 22. Ne5 Rdd8 23. Bf3 Ng6 24. Bg2 Nxe5 25. Rxe5 Bxg2 26. Kxg2 Rd4 27. f3 Red8 28. Nb2 Qg6 29. Rc1 Nd5 30. Rc4 Rxc4 31. Nxc4 Nf4+ 32. Kf1 Rxd3 33. Qe1 Rxf3+ 34. Kg1 Nd3 35. Qe2 Nxe5 36. Nxe5 Qb1+ 37. Kg2 Rxa3 38. Kh3 Qb3 39. Qd2 Qd5 40. Qb2 Ra2 41. Qc3 f6 42. Nf3 e5 43. Ne1 Qe6+ 44. g4 f5 45. Qd3 fxg4+ 46. Kg3 Qd5 47. Qf5 Qb3+ 48. Kxg4 Qxb4+ 49. Kg3 Qxe1+ 0-1

[Event "Hessen-ch Seniors op 12th"]
[Site "Bad Sooden-Allendorf"]
[Date "2016.05.06"]
[Round "7"]
[White "Graffenberger, Marianne"]
[Black "Van Houten, Henk"]
[Result "0-1"]
[WhiteElo "1492"]
[BlackElo "1728"]
[PlyCount "90"]
[EventDate "2016.04.30"]
[EventType "swiss"]
[EventRounds "9"]
[EventCountry "GER"]
[SourceTitle "EXT 2019"]
[Source "ChessBase"]
[SourceDate "2018.10.10"]
[SourceVersion "1"]
[SourceVersionDate "2018.10.10"]
[SourceQuality "1"]

1. e4 g6 2. d4 Bg7 3. c3 e6 4. Nf3 d6 5. Bd3 Ne7 6. Be3 0-0 7. 0-0 a5 8. e5 Nbc6 9. Bf4 dxe5 10. Nxe5 Nxe5 11. dxe5 b6 12. Be4 Ra7 13. Nd2 Nd5 14. Bg3 b5 15. c4 bxc4 16. Nxc4 Ba6 17. b3 Bxc4 18. bxc4 Nc3 19. Qc2 Nxe4 20. Qxe4 Qa8 21. Qxa8 Raxa8 22. a4 Rfb8 23. f4 Bf8 24. Rab1 Rb4 25. Rfc1 Rxa4 26. Bf2 Rb4 27. g3 Rab8 28. Rxb4 axb4 29. Rb1 c5 30. Kg2 Ra8 31. Kh3 Ra2 32. Be3 Re2 33. Rb3 Rc2 34. Rd3 Rxc4 35. Rd8 Kg7 36. Kg4 g5 37. h4 gxf4 38. gxf4 Be7 39. Rd7 Kf8 40. h5 b3 41. Kf3 b2 42. Rb7 Rb4 43. Rxe7 Kxe7 44. Bxc5+ Kd7 45. Bxb4 b1Q 0-1

[Event "Hessen-ch Seniors op 12th"]
[Site "Bad Sooden-Allendorf"]
[Date "2016.05.03"]
[Round "4"]
[White "Graffenberger, Marianne"]
[Black "Ludwig, Siegfried"]
[Result "0-1"]
[WhiteElo "1492"]
[BlackElo "1656"]
[PlyCount "111"]
[EventDate "2016.04.30"]
[EventType "swiss"]
[EventRounds "9"]
[EventCountry "GER"]
[SourceTitle "EXT 2019"]
[Source "ChessBase"]
[SourceDate "2018.10.10"]
[SourceVersion "1"]
[SourceVersionDate "2018.10.10"]
[SourceQuality "1"]

1. e4 e5 2. Nf3 Nc6 3. Nc3 Nf6 4. d4 d6 5. Bb5 Bd7 6. d5 Ne7 7. Bxd7+ Nxd7 8. Be3 a6 9. a4 Ng6 10. Ne2 Be7 11. c4 0-0 12. 0-0 h6 13. b3 Nf6 14. Ng3 Nf4 15. Qc2 N6h5 16. Ne2 Bg5 17. Nxf4 Nxf4 18. Bxf4 exf4 19. Rfe1 Bf6 20. Rad1 Re8 21. Qc1 g5 22. Nd4 Bxd4 23. Rxd4 Re5 24. f3 Qf6 25. c5 Rc8 26. c6 b6 27. Qc4 Ra8 28. b4 Qd8 29. b5 a5 30. Qe2 Qf6 31. Qf2 Rae8 32. g3 fxg3 33. Qxg3 Qf4 34. Qxf4 gxf4 35. Kf2 f5 36. Rg1+ Kh7 37. Re1 Kg6 38. Rg1+ Kf6 39. Re1 Rg8 40. Rg1 Rg5 41. Rxg5 hxg5 42. h3 Kg6 43. exf5+ Kxf5 44. Re4 Rxe4 45. fxe4+ Kxe4 46. Ke2 f3+ 47. Kf2 Kf4 48. Kf1 Kg3 49. Kg1 Kxh3 50. Kf1 g4 51. Kg1 Kg3 52. Kf1 Kf4 53. Kf2 g3+ 54. Kf1 Ke3 55. Kg1 g2 56. Kh2 0-1

[Event "Hessen-ch Seniors op 12th"]
[Site "Bad Sooden-Allendorf"]
[Date "2016.04.30"]
[Round "1"]
[White "Fleischer, Matthias"]
[Black "Graffenberger, Marianne"]
[Result "1-0"]
[WhiteElo "1928"]
[BlackElo "1492"]
[PlyCount "59"]
[EventDate "2016.04.30"]
[EventType "swiss"]
[EventRounds "9"]
[EventCountry "GER"]
[SourceTitle "EXT 2019"]
[Source "ChessBase"]
[SourceDate "2018.10.10"]
[SourceVersion "1"]
[SourceVersionDate "2018.10.10"]
[SourceQuality "1"]

1. d4 d5 2. Nf3 Bf5 3. e3 Nc6 4. Bd3 e6 5. Qe2 Nf6 6. c3 Be7 7. Nbd2 Ne4 8. 0-0 0-0 9. Re1 Ng5 10. e4 Nxf3+ 11. Nxf3 Bg4 12. e5 f6 13. exf6 Rxf6 14. Bxh7+ Kxh7 15. Ng5+ Kg8 16. Qxg4 Rg6 17. h4 Bxg5 18. Bxg5 Qf8 19. h5 Rxg5 20. Qxg5 Qf5 21. Qg6 Ne7 22. Qxe6+ Qxe6 23. Rxe6 Kf7 24. Rae1 Re8 25. g4 a5 26. a4 b6 27. f4 c6 28. f5 b5 29. g5 bxa4 30. f6 1-0

[Event "MVP-ch Seniors op 15th"]
[Site "Binz"]
[Date "2015.11.29"]
[Round "6.78"]
[White "Fritsch, Juergen"]
[Black "Graffenberger, Marianne"]
[Result "1-0"]
[WhiteElo "1728"]
[BlackElo "1237"]
[PlyCount "85"]
[EventDate "2015.11.24"]
[EventType "swiss"]
[EventRounds "9"]
[EventCountry "GER"]
[SourceTitle "EXT 2017"]
[Source "ChessBase"]
[SourceDate "2016.10.25"]
[SourceVersion "1"]
[SourceVersionDate "2016.10.25"]
[SourceQuality "1"]

1. e4 e5 2. Nf3 Nc6 3. c3 Nf6 4. d4 d6 5. d5 Ne7 6. h3 Nxe4 7. Qa4+ c6 8. Qxe4 cxd5 9. Bb5+ Bd7 10. Bxd7+ Qxd7 11. Qe2 Ng6 12. Na3 a6 13. Nc2 Be7 14. Nb4 e4 15. Nd4 0-0 16. Nxd5 Rfe8 17. 0-0 Qd8 18. Qxe4 Bf6 19. Nxf6+ Qxf6 20. Qf5 Qe5 21. Be3 Ne7 22. Qxe5 dxe5 23. Nc2 Nf5 24. Rad1 b5 25. Rd7 Nxe3 26. Nxe3 Red8 27. Rfd1 Rxd7 28. Rxd7 Kf8 29. Kf1 Ke8 30. Rd5 f6 31. Ke2 Ra7 32. Kd3 Ke7 33. Kc2 Ke6 34. g4 g6 35. Rd8 Ke7 36. Rh8 Ke6 37. Rb8 Kf7 38. Rb6 h6 39. Nd5 f5 40. gxf5 gxf5 41. Rxh6 Kg7 42. Re6 e4 43. Nf4 1-0

[Event "Hamburg-ch Seniors 22nd"]
[Site "Hamburg"]
[Date "2015.11.04"]
[Round "8"]
[White "Hilbig, Klaus"]
[Black "Graffenberger, Marianne"]
[Result "1-0"]
[WhiteElo "1712"]
[BlackElo "1526"]
[PlyCount "65"]
[EventDate "2015.10.28"]
[EventType "swiss"]
[EventRounds "9"]
[EventCountry "GER"]
[SourceTitle "EXT 2018"]
[Source "ChessBase"]
[SourceDate "2017.10.13"]
[SourceVersion "1"]
[SourceVersionDate "2017.10.13"]
[SourceQuality "1"]

1. d4 d5 2. Nf3 Nf6 3. e3 c6 4. Bd3 Bg4 5. c4 e6 6. 0-0 Be7 7. cxd5 Nxd5 8. a3 0-0 9. b4 b5 10. Bb2 a5 11. bxa5 Rxa5 12. e4 Nf4 13. Bc3 Ra8 14. Bc2 Nd7 15. Bb2 Nf6 16. h3 Bxf3 17. Qxf3 Ng6 18. Nd2 Nh4 19. Qg3 Nh5 20. Qc3 Qd7 21. g3 Ng6 22. e5 f5 23. Bd1 Nxg3 24. fxg3 f4 25. g4 Nh4 26. Nf3 Nxf3+ 27. Bxf3 Rac8 28. Rfd1 c5 29. d5 exd5 30. Bxd5+ Kh8 31. e6 Bf6 32. exd7 Bxc3 33. dxc8Q 1-0